书目信息 |
| 题名: |
2007古董拍卖年鉴
|
|
| 作者: | ;《古董拍卖年鉴》编委会 编 | |
| 分册: | 瓷器卷 | |
| 出版信息: | 长春 吉林出版集团有限责任公司 2007 |
|
| 页数: | 159页 | |
| 开本: | 26cm | |
| 丛书名: | ||
| 单 册: | ||
| 中图分类: | F724.787-54 | |
| 科图分类: | ||
| 主题词: | 历史文物--拍卖--价格--中国--2007--年鉴 | |
| 电子资源: | ||
| ISBN: | 978-7-80720-653-8 | |
| 000 | 00699nam0 2200205 450 | |
| 001 | 0740288544 | |
| 005 | 20070801165528.87 | |
| 010 | @a978-7-80720-653-8@dCNY78.00 | |
| 100 | @a20070801d2007 km y0chiy0120 ea | |
| 101 | 0 | @achi |
| 102 | @aCN@b220000 | |
| 200 | 1 | @a2007古董拍卖年鉴@i瓷器卷@f《古董拍卖年鉴》编委会编@F《gu dong pai mai nian jian》bian wei hui bian |
| 210 | @a长春@c吉林出版集团有限责任公司@d2007 | |
| 215 | @a159页@d26cm | |
| 517 | 1 | @a瓷器卷@Aci qi juan |
| 606 | 0 | @a历史文物@x拍卖@x价格@y中国@z2007@x年鉴 |
| 690 | @aF724.787-54@v3 | |
| 711 | 02 | @a《古董拍卖年鉴》编委会@A《gu dong pai mai nian jian》bian wei hui@4编 |
| 801 | 0 | @aCN@bPFT@c20070801 |
| 905 | @a10447@dF724.787-54@e49 | |
| 2007古董拍卖年鉴.瓷器卷/《古董拍卖年鉴》编委会编.-长春:吉林出版集团有限责任公司,2007 |
| 159页;26cm |
| ISBN 978-7-80720-653-8:CNY78.00 |
| ● |
| 相关链接 |
|
|
|
|
正题名:2007古董拍卖年鉴
索取号:F724.787-54/49
 
预约/预借
| 序号 | 登录号 | 条形码 | 馆藏地/架位号 | 状态 | 备注 |
| 1 | 0800430 | 208004309 | 第一样本阅览室/ [索取号:F724.787-54/49] | 在馆 | |
| 2 | 0800431 | 208004318 | 第一借阅区/ [索取号:F724.787-54/49] | 在馆 | |
| 3 | 0800432 | 208004327 | 第一借阅区/ [索取号:F724.787-54/49] | 在馆 | |
| 4 | 0800433 | 208004336 | 第一借阅区/ [索取号:F724.787-54/49] | 在馆 | |
| 5 | 0800434 | 208004345 | 第一借阅区/ [索取号:F724.787-54/49] | 在馆 |